Statistiques concernant Voc allemand - Habiter

Cliquez ici pour prendre le quiz!

Statistiques générales

  • Ce quiz a été pris 11 fois
  • Le résultat moyen est 67 sur 118

Statistiques - réponses

HintRéponse% Correct
FrierenAvoir froid
100%
WarmChaud
100%
Zu seinÊtre fermé
100%
zumachen / schliessenFerm
100%
Geschlossenfermé
100%
KaltFroid
100%
WohnenHabiter
100%
Das Haus, ¨-erLa maison
100%
Die Tür, -enLa porte
100%
Der Tisch, -eLa table
100%
Die Stadt, ¨-eLa ville
100%
Die Innenstadt, ¨-eLe centre ville
100%
Der Stadtplan, ¨-eLe plan de la ville
100%
Der Teppich, -eLe tapis
100%
Das Dorf, ¨-erLe village
100%
Aufmachen / öffnenOuvrir
100%
SitzenEtre assis
91%
Das FensterLa fenêtre
91%
Der Raum, ¨-eLa salle
91%
Das Zentrum, -enLe centre
91%
Die Mauer, -n | Die Wand, ¨-eLe mur
91%
Der Nachbar, -nLe voisin
91%
Putzen / sauber machenNettoyer
91%
(Sich) setzenS'asseoir
91%
AufstehenSe lever
91%
OrdnenTrier / ranger
91%
BauenBâtir / construire
82%
StehenEtre debout
82%
Auf seinÊtre ouvert
82%
Der Stuhl, ¨-eLa chaise
82%
Die WärmeLa chaleur
82%
Das ZimmerLa pièce
82%
Der MülleimerLa poubelle
82%
Der Ort, -eLe lieu
82%
Der Sitz, -eLe siège
82%
Das Dach, ¨-erLe toit
82%
Das Glas, ¨-erLe verre
82%
MöbliertMeublé
82%
OffenOuvert
82%
AufräumenRanger
82%
SchmutzigSale
82%
Klingeln / läutenSonner
82%
HereinkommenEntrer
73%
Die Klingel, -n / die Glocke, -nLa sonnette
73%
Die Bank, ¨-eLe banc
73%
Des Fussboden, ¨Le sol
73%
GemütlichAccueillant / confortable
64%
BequemConfortable
64%
DraussenDehors
64%
Der KellerLa cave
64%
Der SchlüsselLa clef
64%
Der Bau, -tenLa construction
64%
Die Wohnung, -enL'appartement
64%
Der Ausgang, ¨-eLa sortie
64%
Die Couch, -sLe canapé
64%
Die Ecke, -nLe coin
64%
Der SesselLe fauteuil
64%
Der Eingang, ¨-e / die Einfahrt, -enL'entrée
64%
Der Abfall, ¨-eLes déchets
64%
Der Stock(werk), -eL'étage
64%
Die OrdnungL'ordre
64%
SauberPropre
64%
Der Schrank, ¨-eL'armoire
55%
Die Heizung, -enLe chauffage
55%
Der Mietvertag, ¨-eLe contrat de location
55%
Das KissenLe coussin
55%
OrdentlichOrdonné
55%
HeizenChauffer
45%
KlopfenFrapper
45%
Der Schornstein, -eLa cheminée
45%
Der StaubLa poussière
45%
Der Aufzug, ¨-e / der Lift, -eL'ascenseur
45%
Der BesenLe balai
45%
Das GebäudeLe bâtiment
45%
Der MieterLe locataire
45%
DrinnenA l'intérieur
36%
AbschliessenFermer à clef
36%
Der Hof, ¨-eLa cour
36%
Die Türklinke, -nLa poignée
36%
Das Schloss, ¨-erLa serrure
36%
Der Gang, ¨-eLe couloir
36%
Der Umzug, ¨-eLe déménagement
36%
Die Miete, -nLe loyer
36%
Der Haushalt, -eLe ménage
36%
Die Decke, -nLe plafond
36%
Der Grundriss, -eLe plan
36%
Das Erdgeschoss, -e / das ParterreLe rez-de-chaussée
36%
Das MöbelLes meubles
36%
Das Regal, -eL'étagère
36%
VerlassenQuitter
36%
Der Vorort, -eLa banlieue
27%
Die Tapete, -nLe papier peint
27%
Der Ofen, "Le poêle
27%
Der VermieterLe propriétaire
27%
Der Vorhang, ¨-eLe rideau
27%
Der Wohnblock, -sL'immeuble
27%
FegenBalayer
18%
AusziehenDéménager (sortir)
18%
EinziehenEmménager
18%
DurcheinanderEn désordre
18%
MietenLouer (à un propriétaire)
18%
WischenEssuyer
9%
Die Hausfrau, -enLa ménagère
9%
Das ZuhauseLe chez-soi
9%
Die UmgebungLes environs
9%
Vermieten Louer (à un locataire)
9%
UmziehenDéménager (changer)
0%
EinrichtenInstaller
0%
SteckenIntroduire
0%
Der ZiegelLa brique
0%
Die Klimaanlage, -nLe climatiseur
0%
Der Abwart, -eLe concierge
0%
Das Mietshaus, ¨-erLe locatif
0%
Der MüllLes ordures
0%
Die Unterkunft, ¨-eL'hébergement / le logement
0%
StädtischMunicipal
0%
Sich HinsetzenPrendre place
0%

Distribution des résultats

Percentile par nombre de réponses

% des personnes avec chaque résultat

Votre développement - résultats

Vous n’avez pas pris ce quiz